000 00633cam a2200229 i 4500
001 4155615
005 20180201050559.0
008 780607s1978 paua b 001 0 eng
010 _a 78018493
020 _a0397542208
040 _aDLC
_cDLC
_dDLC
041 _aeng
060 _aWY20.5 P796n
080 _a610.73/072 DER
082 0 0 _a610.73/072 DER
100 2 _a2
101 _aNUR
245 1 0 _aNursing research :
_cby Denise F. Polit, Bernadette P. Hungler.
504 _aIncludes bibliographies and index.
906 _a7
_bcbc
_corignew
_d1
_eocip
_f19
_gy-gencatlg
942 _2ddc
_cBK
999 _c41499
_d41499